LIBRARY & INFORMATION CENTRE, KCAET, TAVANUR

ONLINE PUBLIC ACCESS CATALOGUE (OPAC)

Fundamentals of engineering heat and mass transfer / (SI Units) (Record no. 10599)

MARC details
000 -LEADER
fixed length control field 00400cam a2200145ua 4500
020 ## - INTERNATIONAL STANDARD BOOK NUMBER
ISBN 81-224-0076-0
020 ## - INTERNATIONAL STANDARD BOOK NUMBER
ISBN 9788122427851
082 ## - DEWEY DECIMAL CLASSIFICATION NUMBER
Classification number 621.4022
Item number SAC/FU
100 ## - MAIN ENTRY--AUTHOR NAME
Personal name Sachdeva, R C .
245 ## - TITLE STATEMENT
Title Fundamentals of engineering heat and mass transfer / (SI Units)
250 ## - EDITION STATEMENT
Edition statement 4
260 ## - PUBLICATION, DISTRIBUTION, ETC. (IMPRINT)
Place of publication New Delhi :
Name of publisher New Age International Ltd ,
Year of publication 1997.
300 ## - PHYSICAL DESCRIPTION
Number of Pages 674
Other physical details 506 ; .
942 ## - ADDED ENTRY ELEMENTS (KOHA)
Koha item type Books
Holdings
Withdrawn status Lost status Damaged status Home library Current library Date acquired Full call number Accession Number Koha item type Collection code Shelving location Source of acquisition Cost, normal purchase price
      KAUAET KAUAET 07/04/2012 621.4022 19945 Books        
      KAUAET KAUAET 07/04/2012 621.4022 21845 Books        
      KAUAET KAUAET 30/03/2013 621.4022 SAC/FU 23698 Books Non-fiction General Stacks Calicut Book Distributors 395.00
      KAUAET KAUAET 13/06/2016 621.4022 SAC/FU 24481 Books   General Stacks Neoti Book Agency New Delhi 450.00
free website counter